000 00759cam a22002771 4500
999 _c7895
_d7895
001 7895
003 BD-JhCC
005 20190504091514.0
008 780807s1950 nyu 000 0 eng
035 _a(BD-JhCC)7895
035 _a(OCoLC)4115147
040 _aDLC
_cIDeKN
_dDLC
_dBD-JhCC
041 _aeng
050 0 0 _aLB1570
_b.G9 1950
082 _bGWY 1950
_a375
100 1 _aGwynn, J. Minor
_q(John Minor),
_d1897-1971.
245 1 0 _aCurriculum principles & social trends.
250 _aRev. ed.
260 _aNew York,
_bMacmillan,
_c1950.
300 _axxii, 768 p.
_billus.
_c22 cm.
500 _aIncludes bibliographies.
650 0 _aEducation
_xCurricula.
650 0 _aEducation
_xAims and objectives.
942 _2ddc
_cBK